From Small Screen to Big Screen Quiz Stats

 Plays Quiz Updated Jul 8, 2017

Support Sporcle.
Go Orange.
Score 0/20 Timer 05:00
0 Plays Today
% Correct
South Park
98.7%
Transformers
96.6%
The Simpsons
96.4%
Batman
95.4%
Star Trek
95.2%
Power Rangers
92.3%
Charlie's Angels
92.3%
The Addams Family
91.4%
The Brady Bunch
84.4%
Starsky and Hutch
84.4%
% Correct
The Dukes of Hazzard
83%
The X-Files
81.9%
21 Jump Street
78.8%
Sex and the City
78.1%
Jackass
72.1%
Mission: Impossible
71%
The Fugitive
69.3%
Entourage
60.1%
The Untouchables
52.6%
Firefly
45.6%

You're not logged in!

Compare scores with friends on all Sporcle quizzes.
OR
Log In
Forgot?

From the Vault

Find Four Words

by Purple_Parrot

It's a shame the title is only three words, so you'll have to find the last one.
Remove Ads.
Support Sporcle.
Get the best of Sporcle when you Go Orange. This ad-free experience offers more features, more stats, and more fun while also helping to support Sporcle. Thank you for becoming a member.

Show Comments

Extras

Top Quizzes Today


Score Distribution

Your Account Isn't Verified!

In order to create a playlist on Sporcle, you need to verify the email address you used during registration. Go to your Sporcle Settings to finish the process.

Report this User

Report this user for behavior that violates our Community Guidelines.

Details: